000 00805nam a2200265 c 4500
003 BLK
005 20180420225906.0
008 180409b bul|||||r ||||||| ||bul||
010 _aKNG00103848000
040 _aBLK
041 _aBUL
_cBUL
080 _aБългарска литература
_b821.163.2
_x-1
_z821.163.2-1
100 1 _aКостова, Ганка
_eпърви автор
_9307827
139 _aКостова, Ганка
_bК 86
245 1 0 _aПазва чимширена
_bСтихотворения
_cГанка Костова.
257 _aBGR
260 Нови пазар
_bИзд. авт.
_c2002
300 _a48 с.
_c20 см
380 _aX
852 _aЦб 213152
856 4 _qpdf
_u
856 4 _qpdf
_u
942 _cKNG
_n0
944 _aCR
_c01.01.2002
_kAB_DOS
944 _aED
_c15.01.2003
_k
999 _c98860
_d98860